000 00327nam a2200145Ia 4500
005 20250318124433.0
008 240331s9999 xx 000 0 und d
082 _bJOS
_a894
100 _aJoseph, T
245 0 _aPaalayi
260 _aChennai
_bDuraivi
_c1997
300 _a160 p .,
500 _aThree Short Novels
942 _cL
999 _c3747
_d3747